L'internationale (Record no. 166184)

MARC details
000 -LEADER
campo de control de longitud fija 00769nam a2200193 i 4500
001 - NÚMERO DE CONTROL
campo de control 166184
003 - IDENTIFICADOR DE NÚMERO DE CONTROL
campo de control ES-MaACL
005 - FECHA Y HORA DE LA ÚLTIMA TRANSACCIÓN
campo de control 20230906213259.0
008 - DATOS DE LONGITUD FIJA--INFORMACIÓN GENERAL
campo de control de longitud fija 990703s1871 fr |||| | fre d
040 ## - FUENTE DE CATALOGACIÓN
Centro catalogador/agencia de origen AR
Lengua de catalogación spa
Centro/agencia transcriptor AR
100 1# - ENTRADA PRINCIPAL--NOMBRE DE PERSONA
Nombre de persona Testut, Oscar.
9 (RLIN) 133196
245 13 - MENCIÓN DEL TÍTULO
Título L'internationale
Resto del título : son origine, son but, son caractère, ses principes, ses tendances, son organisation ... : tableau de la situation actuelle de l'internationale en France, en Europe et en Amérique /
Mención de responsabilidad, etc. Oscar Testut.
250 ## - MENCION DE EDICION
Mención de edición Septième édition.
260 ## - PUBLICACIÓN, DISTRIBUCIÓN, ETC.
Lugar de publicación, distribución, etc. Paris :
Nombre del editor, distribuidor, etc. E. Lachaud ;
Lugar de publicación, distribución, etc. Versailles :
Nombre del editor, distribuidor, etc. Subercaze,
Fecha de publicación, distribución, etc. 1871.
300 ## - DESCRIPCIÓN FÍSICA
Extensión XV, 288 p. ;
Dimensiones 18 cm.
500 ## - NOTA GENERAL
Nota general Antep.
650 #4 - PUNTO DE ACCESO ADICIONAL DE MATERIA--TÉRMINO DE MATERIA
Término de materia o nombre geográfico como elemento de entrada Asociaciones de trabajadores-
Subdivisión geográfica Europa.
9 (RLIN) 135642
852 ## - LOCALIZACIÓN
Ubicación ES-MaACL
Número de control de estantería G-10329
Nota libre -- Enc. hol.
Holdings
Estatus retirado Estado de pérdida Estado de daño No para préstamo Colección Biblioteca de origen Biblioteca actual Ubicación en estantería Fecha de adquisición Fuente de adquisición Total de préstamos Signatura topográfica completa Código de barras Visto por última vez Precio de reemplazo Tipo de ítem Koha
        Libros del s. XIX Biblioteca del Ateneo de Madrid Biblioteca del Ateneo de Madrid Sala Pecera Planta 3 17/01/2008     G-10329 1174283 23/02/2023 23/02/2023 Libro impreso antiguo